Statystyki dla quiz Dom z Papieru

Kliknij tutaj aby rozwiązać quiz!

Ogólne statystyki

  • Ten quiz został rozwiązany 230 razy
    (221 od ostatniego zresetowania)
  • Średni wynik to 7 z 10

Statystyki odpowiedzi

HintOdpowiedź% Poprawnych
W jakim państwie jest nagrywany serial?Hiszpania
87%
Kto zabił Nairobi?Gandía
86%
Ile serial ma sezonów?5
84%
Jaką nazwę miasta ma Raquel?Lizbona
84%
Kto wymyślił plan na Królewską Mennice?Ojciec profesora
79%
Kto jest najmłodszy z ekipy Profesora?Rio
77%
Kto jako pierwszy umarł z ekipy Profesora?Oslo
74%
Ile dzieci miał Bogotá7
72%
Ile zakładników uciekło w 1 napadzie?16
58%
Kto dowodził napadem z zewnątrzn?Berlin
26%

Rozkład punktacji

Percentyl według liczby udzielonych odpowiedzi

Procent ludzi z każdym wynikiem

Twoja historia wyników

Nie rozwiązałeś tego quizu od ostatniego zresetowania